[Event "Rated Blitz game"]
[Site "?"]
[Date "2021.05.12"]
[Round "?"]
[White "RoyalChessyoutube"]
[Black "DarthZannah"]
[Result "1-0"]
[WhiteElo "2369"]
[BlackElo "2542"]
[PlyCount "129"]
[EventDate "2021.??.??"]
[EventType "blitz"]

1. e4 e5 2. Nf3 d5 3. Nxe5 dxe4 4. d4 Nd7 5. Bf4 Ngf6 6. Nc3 Be7 7. Be2 O-O 8.
O-O Nb6 9. Qd2 Be6 10. a4 Nbd5 11. Nxd5 Nxd5 12. Bg3 f5 13. c4 Nf6 14. d5 Bc8
15. Rfd1 Bc5 16. b4 Be7 17. c5 Ne8 18. Rac1 Bg5 19. Bf4 Bxf4 20. Qxf4 Nf6 21.
d6 Be6 22. Bc4 Bxc4 23. Nxc4 cxd6 24. Nxd6 Qd7 25. b5 Rad8 26. c6 bxc6 27. bxc6
Qc7 28. Qe5 Rfe8 29. Qc5 a6 30. Nxe8 Rxe8 31. Qd6 Qa5 32. c7 Qxa4 33. c8=Q Rxc8
34. Rxc8+ Kf7 35. Rc7+ Kg6 36. h3 Kh6 37. Rc8 a5 38. Rd8 Qb3 39. Qf4+ Kg6 40.
Qg3+ Kh6 41. Qf4+ Kg6 42. g4 fxg4 43. hxg4 Qb5 44. Qf5+ Qxf5 45. gxf5+ Kxf5 46.
Ra8 Kf4 47. Rxa5 g5 48. Ra6 Ng4 49. Rd7 Kf3 50. Rf7+ Ke2 51. Rxh7 Nxf2 52. Ra2+
Ke1 53. Rxf2 e3 54. Ra2 e2 55. Rxe2+ Kxe2 56. Rf7 Ke3 57. Kg2 Ke4 58. Kg3 Ke5
59. Kg4 Ke6 60. Rf1 Ke5 61. Kxg5 Ke4 62. Rf5 Ke3 63. Rf4 Kd3 64. Kg4 Ke3 65.
Kg3 {Normal} 1-0

[Event "Rated Blitz game"]
[Site "?"]
[Date "2021.05.12"]
[Round "?"]
[White "RnJlaQ64"]
[Black "KamranShirazi"]
[Result "0-1"]
[WhiteElo "2490"]
[BlackElo "2544"]
[PlyCount "31"]
[EventDate "2021.??.??"]
[EventType "blitz"]

1. e4 e5 2. Nf3 d5 3. exd5 e4 4. Qe2 Nf6 5. d3 Bb4+ 6. c3 O-O 7. cxb4 exf3 8.
Qxf3 Re8+ 9. Be3 Nxd5 10. a3 Nc6 11. Be2 Nxe3 12. fxe3 Qg5 13. Kf2 Ne5 14. Qf4
Qg6 15. Rd1 Bg4 16. Bf3 {Normal} 0-1

[Event "Rated Blitz game"]
[Site "?"]
[Date "2021.05.12"]
[Round "?"]
[White "SSonicKKeytar"]
[Black "Gifroy"]
[Result "0-1"]
[WhiteElo "2403"]
[BlackElo "2429"]
[PlyCount "52"]
[EventDate "2021.??.??"]
[EventType "blitz"]

1. e4 e5 2. Nf3 d5 3. exd5 e4 4. Ng1 Qxd5 5. Nc3 Qe5 6. Be2 Bf5 7. b3 Nc6 8.
Bb2 O-O-O 9. f4 Qe8 10. g4 Bd7 11. Nh3 f5 12. g5 Nge7 13. O-O Ng6 14. d3 h6 15.
dxe4 fxe4 16. f5 Nge5 17. Qe1 hxg5 18. Nxg5 Be7 19. Ngxe4 Nd4 20. Qg3 Nxe2+ 21.
Nxe2 Bf6 22. Nf4 Bc6 23. Nxf6 gxf6 24. Bxe5 Qxe5 25. Ne6 Rdg8 26. Ng7 Rxg7 {
Normal} 0-1

[Event "Rated Blitz game"]
[Site "?"]
[Date "2021.05.12"]
[Round "?"]
[White "myths6x"]
[Black "KamranShirazi"]
[Result "0-1"]
[WhiteElo "2591"]
[BlackElo "2571"]
[PlyCount "54"]
[EventDate "2021.??.??"]
[EventType "blitz"]

1. e4 e5 2. Nf3 d5 3. d4 dxe4 4. Nxe5 Nd7 5. Bf4 Bd6 6. Nc3 Ngf6 7. Bc4 O-O 8.
O-O Qe7 9. Re1 Nxe5 10. dxe5 Bxe5 11. Bg5 Bxc3 12. bxc3 Qc5 13. Bxf6 Qxc4 14.
Bd4 c5 15. Be3 Qxc3 16. Qh5 f5 17. g3 b6 18. Rad1 Be6 19. Rd6 Rae8 20. Red1 Qe5
21. h4 Bf7 22. Qg5 h6 23. Rxh6 Bxa2 24. Rd7 Rf7 25. Qh5 gxh6 26. Qg6+ Qg7 27.
Qxg7+ Rxg7 {Normal} 0-1

[Event "Rated Blitz tournament ULXR74JO"]
[Site "?"]
[Date "2021.05.12"]
[Round "?"]
[White "steven2010"]
[Black "Sinrah-Tensei"]
[Result "1-0"]
[WhiteElo "2295"]
[BlackElo "2422"]
[PlyCount "73"]
[EventDate "2021.??.??"]
[EventType "blitz"]

1. e4 e5 2. Nf3 d5 3. exd5 Bd6 4. Nc3 f5 5. d3 Nf6 6. Bg5 a6 7. Be2 O-O 8. O-O
h6 9. Bxf6 Qxf6 10. Re1 Nd7 11. Bf1 b5 12. g3 g5 13. Bg2 Rb8 14. a3 Rf7 15. Qe2
Re7 16. Nd2 Nf8 17. Nb3 Bd7 18. Qd2 h5 19. d4 e4 20. Nc5 Bc8 21. Rad1 g4 22.
N5xe4 fxe4 23. Nxe4 Qg7 24. Nxd6 cxd6 25. Qf4 Rxe1+ 26. Rxe1 Bd7 27. Qxd6 Rc8
28. c3 Ng6 29. Be4 Nh8 30. Bd3 Re8 31. Rxe8+ Bxe8 32. Qxa6 Nf7 33. Bxb5 Bxb5
34. Qxb5 Ng5 35. Qe8+ Kh7 36. Qxh5+ Kg8 37. Qxg4 {Normal} 1-0

[Event "Rated Blitz game"]
[Site "?"]
[Date "2021.05.12"]
[Round "?"]
[White "SFA_Gang"]
[Black "Dzon_Vejn"]
[Result "0-1"]
[WhiteElo "2599"]
[BlackElo "2495"]
[PlyCount "46"]
[EventDate "2021.??.??"]
[EventType "blitz"]

1. e4 e5 2. Nf3 d5 3. Nxe5 Bd6 4. d4 dxe4 5. Nc4 Be7 6. Nc3 Nf6 7. Bg5 Bf5 8.
h3 O-O 9. g4 Bg6 10. Bg2 h6 11. Bh4 Nc6 12. d5 Nb4 13. Ne3 Nfxd5 14. Bxe7 Nxe7
15. a3 Nbc6 16. Nxe4 Qd4 17. c3 Qe5 18. Nd2 f5 19. Ndc4 Qe6 20. O-O Rad8 21.
Qe1 f4 22. Nf5 Bxf5 23. gxf5 Qxc4 {Normal} 0-1

[Event "Rated Blitz game"]
[Site "?"]
[Date "2021.05.12"]
[Round "?"]
[White "mac0504"]
[Black "Razario90"]
[Result "1-0"]
[WhiteElo "2531"]
[BlackElo "2414"]
[PlyCount "81"]
[EventDate "2021.??.??"]
[EventType "blitz"]

1. e4 e5 2. Nf3 d5 3. d4 dxe4 4. Nxe5 Bd6 5. Nc3 Bxe5 6. dxe5 Qxd1+ 7. Nxd1 Nc6
8. Bb5 Nge7 9. Nc3 Bd7 10. Nxe4 Nxe5 11. Bxd7+ Nxd7 12. Bf4 Nd5 13. Bg3 O-O-O
14. O-O-O N7b6 15. Rhe1 h6 16. f3 Rhe8 17. b3 Nb4 18. a3 Nc6 19. c4 Nd4 20. Kb2
Ne6 21. Kc3 Rxd1 22. Rxd1 Rd8 23. Rxd8+ Kxd8 24. a4 Nd7 25. b4 a6 26. b5 Ndc5
27. Nxc5 Nxc5 28. Kb4 Nd3+ 29. Kc3 Nc5 30. Kb4 b6 31. bxa6 Nxa6+ 32. Kb5 Nb8
33. c5 bxc5 34. Kxc5 Kc8 35. a5 Kb7 36. Be5 g6 37. Bc3 Na6+ 38. Kd5 c6+ 39. Kd6
c5 40. Ke7 f5 41. Kf6 {Time forfeit} 1-0

[Event "Rated Blitz game"]
[Site "?"]
[Date "2021.05.12"]
[Round "?"]
[White "Hey_Shrimp"]
[Black "KamranShirazi"]
[Result "0-1"]
[WhiteElo "2575"]
[BlackElo "2518"]
[PlyCount "24"]
[EventDate "2021.??.??"]
[EventType "blitz"]

1. e4 e5 2. Nf3 d5 3. exd5 e4 4. Qe2 Nf6 5. Nc3 Be7 6. Nxe4 Nxd5 7. d3 O-O 8.
g3 f5 9. Nc3 Bb4 10. Bd2 Re8 11. Ne5 Nc6 12. Nxd5 Qxd5 {Normal} 0-1

[Event "Rated Blitz tournament W7fDjTbT"]
[Site "?"]
[Date "2021.05.12"]
[Round "?"]
[White "djsnake"]
[Black "jeruchess"]
[Result "1-0"]
[WhiteElo "2407"]
[BlackElo "2293"]
[PlyCount "61"]
[EventDate "2021.??.??"]
[EventType "blitz"]

1. e4 e5 2. Nf3 d5 3. d4 dxe4 4. Nxe5 Bd6 5. Bf4 Nc6 6. Nxc6 bxc6 7. Qd2 Nf6 8.
Bg3 O-O 9. Nc3 Re8 10. Be2 c5 11. dxc5 Bxc5 12. Qxd8 Rxd8 13. Bxc7 Re8 14. Bf4
Bd4 15. O-O-O Bxc3 16. bxc3 Be6 17. c4 Rac8 18. Rd4 h6 19. Rhd1 Rc6 20. Bd6
Rec8 21. c5 Bf5 22. Bb5 Rxc5 23. Bxc5 Rxc5 24. Bc4 a5 25. Bb3 Bg6 26. Kb2 Kh7
27. h3 h5 28. c4 Ne8 29. g4 hxg4 30. hxg4 Nc7 31. Rh1+ {Normal} 1-0

[Event "Rated Blitz game"]
[Site "?"]
[Date "2021.05.12"]
[Round "?"]
[White "Bierpower"]
[Black "Schachelite"]
[Result "0-1"]
[WhiteElo "2388"]
[BlackElo "2412"]
[PlyCount "92"]
[EventDate "2021.??.??"]
[EventType "blitz"]

1. e4 e5 2. Nf3 d5 3. exd5 e4 4. Nd4 Qxd5 5. Ne2 Bd6 6. Nbc3 Qe5 7. Ng3 Nf6 8.
Be2 Nc6 9. d3 exd3 10. Qxd3 h5 11. f4 Qa5 12. O-O h4 13. Nge4 Nxe4 14. Nxe4 Bf5
15. Nxd6+ cxd6 16. Qxd6 Rd8 17. Qa3 Qxa3 18. bxa3 Bxc2 19. Be3 Nd4 20. Bf3
Nxf3+ 21. Rxf3 b6 22. Rc1 Be4 23. Rf2 O-O 24. f5 Rd3 25. Bg5 h3 26. gxh3 f6 27.
Bf4 Rxa3 28. Rc7 Rf7 29. Rxf7 Kxf7 30. Rd2 Bxf5 31. h4 Be6 32. Rc2 Rxa2 33.
Rc7+ Kg6 34. h5+ Kxh5 35. Rxg7 b5 36. Rb7 Bc4 37. Rf7 Kg6 38. Re7 a5 39. Rb7 a4
40. Bd6 Ra1+ 41. Kf2 Ra2+ 42. Ke3 Rb2 43. Kd4 Kf5 44. Kc5 a3 45. Ra7 a2 46. Kd4
Rb1 {Time forfeit} 0-1

[Event "Rated Blitz game"]
[Site "?"]
[Date "2021.05.12"]
[Round "?"]
[White "Crazyrazor"]
[Black "Schachelite"]
[Result "0-1"]
[WhiteElo "2487"]
[BlackElo "2398"]
[PlyCount "82"]
[EventDate "2021.??.??"]
[EventType "blitz"]

1. e4 e5 2. Nf3 d5 3. Nc3 d4 4. Ne2 Nc6 5. Ng3 Bd6 6. Bc4 Na5 7. d3 Nxc4 8.
dxc4 Ne7 9. O-O O-O 10. h3 f5 11. Re1 f4 12. Ne2 Bb4 13. Bd2 Bxd2 14. Qxd2 Ng6
15. Nc1 c5 16. Nd3 Qe7 17. c3 dxc3 18. Qxc3 Re8 19. Red1 b6 20. a4 Bb7 21. a5
Bxe4 22. Rf1 Bc6 23. Rae1 e4 24. Nd2 f3 25. Nxf3 Rad8 26. Nc1 Nf4 27. Qe3 Qf6
28. Nh2 Nxg2 29. Kxg2 Rd3 30. Qe2 e3+ 31. Nf3 Rd2 32. fxe3 Qxb2 33. Nd3 Rxe2+
34. Nf2 R8xe3 35. Rxe2 Bxf3+ 36. Kg3 Bxe2+ 37. Kf4 Bxf1 38. Kxe3 Qe2+ 39. Kf4
Qxf2+ 40. Ke5 Qf6+ 41. Kd5 Bg2# {Normal} 0-1

[Event "Rated Blitz game"]
[Site "?"]
[Date "2021.05.12"]
[Round "?"]
[White "GoughPhar"]
[Black "Slimslik02"]
[Result "1-0"]
[WhiteElo "2401"]
[BlackElo "2341"]
[PlyCount "69"]
[EventDate "2021.??.??"]
[EventType "blitz"]

1. e4 e5 2. Nf3 d5 3. exd5 e4 4. Qe2 Nf6 5. Nc3 Bb4 6. Nxe4 O-O 7. Nxf6+ Qxf6
8. Qc4 Re8+ 9. Be2 Qe7 10. c3 Bd6 11. d4 b5 12. Qd3 Bb7 13. Bg5 f6 14. Be3 Bxd5
15. Qxb5 c6 16. Qd3 Be4 17. Qc4+ Bd5 18. Qd3 Be4 19. Qd2 Nd7 20. O-O Rad8 21.
Rfe1 Kh8 22. Bf4 Qe6 23. Bd3 f5 24. Ng5 Bxf4 25. Qxf4 Qg6 26. Bxe4 fxe4 27.
Nf7+ Kg8 28. Nxd8 Rxd8 29. Qxe4 Qh6 30. Qe6+ Kh8 31. Qxh6 gxh6 32. Re6 c5 33.
Rd6 cxd4 34. Rd1 dxc3 35. bxc3 {Normal} 1-0

[Event "Rated Blitz tournament TwYtkOKi"]
[Site "?"]
[Date "2021.05.12"]
[Round "?"]
[White "SmokedGray"]
[Black "babageldi2277"]
[Result "1-0"]
[WhiteElo "2508"]
[BlackElo "2717"]
[PlyCount "95"]
[EventDate "2021.??.??"]
[EventType "blitz"]

1. e4 e5 2. Nf3 d5 3. d3 dxe4 4. dxe4 Qxd1+ 5. Kxd1 Nf6 6. Nbd2 Ng4 7. Ke2 Bc5
8. h3 Nxf2 9. Rh2 f5 10. Nxe5 Nxe4 11. Nxe4 fxe4 12. Bf4 O-O 13. Bg3 Be6 14. c3
Nc6 15. Nxc6 Bc4+ 16. Kd2 Bxf1 17. Nd4 Rad8 18. Ke3 Bb6 19. Be5 Bd3 20. Rhh1 c5
21. Ne6 c4+ 22. Bd4 Bxd4+ 23. cxd4 Rfe8 24. Nxd8 Rxd8 25. a4 Kf7 26. a5 Ke6 27.
Ra4 Rd5 28. Rb4 Rd7 29. Rb5 g6 30. Re5+ Kd6 31. Ra1 Rf7 32. h4 Rc7 33. h5 c3
34. bxc3 Rxc3 35. Rc5 Rb3 36. hxg6 hxg6 37. Rac1 Bc2+ 38. Kf4 Bd3 39. Rg5 e3
40. Kxe3 Bf5+ 41. Kf4 Rb4 42. Rd1 Ra4 43. g4 Bc2 44. Rd2 Bb1 45. Rb2 Rxd4+ 46.
Ke3 Rd1 47. Rxb7 Rd3+ 48. Ke2 {Normal} 1-0

[Event "Rated Blitz game"]
[Site "?"]
[Date "2021.05.12"]
[Round "?"]
[White "RED0S"]
[Black "Gifroy"]
[Result "1-0"]
[WhiteElo "2425"]
[BlackElo "2434"]
[PlyCount "139"]
[EventDate "2021.??.??"]
[EventType "blitz"]

1. e4 e5 2. Nf3 d5 3. d4 dxe4 4. Nxe5 Bd6 5. Bc4 Bxe5 6. Qh5 Qe7 7. dxe5 Be6 8.
Bxe6 Qxe6 9. O-O Nc6 10. Nc3 O-O-O 11. Nxe4 Qxe5 12. Qxe5 Nxe5 13. b3 f6 14.
Ba3 Nh6 15. Rad1 b6 16. h3 Nhf7 17. f4 Nc6 18. Ng3 Nd4 19. c3 Nb5 20. Bb2 Nbd6
21. Rfe1 Rhe8 22. Nh5 Rg8 23. g4 Ne8 24. c4 Nfd6 25. Re7 Rd7 26. Rde1 Kd8 27.
Rxd7+ Kxd7 28. Kg2 Rf8 29. Kf3 g6 30. Ng3 Ng7 31. Rd1 Kc8 32. Ba3 Nge8 33. Bxd6
cxd6 34. Ne4 Kc7 35. Nc3 Rf7 36. Nb5+ Kc6 37. h4 a6 38. Nd4+ Kc7 39. f5 Ng7 40.
fxg6 hxg6 41. Ne2 f5 42. g5 Ne6 43. Nf4 Nxf4 44. Kxf4 Kc6 45. Re1 Kd7 46. Re2
b5 47. Rh2 bxc4 48. bxc4 Kc6 49. h5 gxh5 50. Rxh5 Kc5 51. g6 Rf8 52. Rxf5+ Kxc4
53. Rxf8 d5 54. g7 d4 55. g8=Q+ Kc3 56. Rc8+ Kd2 57. Qc4 d3 58. Rd8 Ke2 59.
Qxd3+ Kf2 60. Rh8 Kg2 61. Rh3 Kf2 62. Qf3+ Ke1 63. Rh1+ Kd2 64. Qd1+ Kc3 65.
Rh3+ Kc4 66. Rd3 Kb5 67. Qb3+ Kc6 68. Rd5 Kc7 69. Qc4+ Kb7 70. Qc5 {Time
forfeit} 1-0

[Event "Rated Blitz game"]
[Site "?"]
[Date "2021.05.12"]
[Round "?"]
[White "Shah_Moradi"]
[Black "Gifroy"]
[Result "1-0"]
[WhiteElo "2475"]
[BlackElo "2439"]
[PlyCount "123"]
[EventDate "2021.??.??"]
[EventType "blitz"]

1. e4 e5 2. Nf3 d5 3. exd5 e4 4. Qe2 Nf6 5. Nc3 Be7 6. Nxe4 O-O 7. d3 c6 8.
dxc6 Nxc6 9. Bd2 Bg4 10. c3 Ne5 11. O-O-O Nd5 12. h3 Bh5 13. g4 Nxf3 14. Qxf3
Bg6 15. h4 f5 16. gxf5 Rxf5 17. Qg3 Bh5 18. Rg1 g6 19. Re1 Rf3 20. Qe5 Rf5 21.
Qe6+ Kf8 22. Bh3 Nf4 23. Bxf4 Rxf4 24. Ng5 Bxg5 25. Rxg5 Qxd3 26. Rd5 Qf3 27.
Qe7+ Kg8 28. Be6+ Kh8 29. Rd8+ Rxd8 30. Qxd8+ Rf8 31. Qd4+ Qf6 32. Bd5 Qxd4 33.
cxd4 Rxf2 34. Bxb7 Bg4 35. Be4 Rf4 36. d5 Bd7 37. h5 gxh5 38. Bc2 h4 39. Re7
Bf5 40. Bb3 h3 41. Re2 Rd4 42. Rf2 Kg7 43. Rxf5 Rh4 44. Rg5+ Kf6 45. Rg1 h2 46.
Rh1 Ke5 47. Bd1 Kf4 48. d6 Kg3 49. Bb3 Rd4 50. d7 Rxd7 51. Bc2 Rc7 52. Kd2 Rf7
53. Be4 Rf2+ 54. Kd3 Rf4 55. Kd4 Rf6 56. Ke5 Rf8 57. b4 Re8+ 58. Kd4 Rd8+ 59.
Ke3 Re8 60. b5 Rxe4+ 61. Kxe4 Kg2 62. Rb1 {Time forfeit} 1-0

[Event "Rated Blitz game"]
[Site "?"]
[Date "2021.05.12"]
[Round "?"]
[White "Holstentor"]
[Black "Maltinho"]
[Result "0-1"]
[WhiteElo "2492"]
[BlackElo "2521"]
[PlyCount "68"]
[EventDate "2021.??.??"]
[EventType "blitz"]

1. e4 e5 2. Nf3 d5 3. Nxe5 Bd6 4. d4 dxe4 5. Bf4 Nc6 6. Bb5 Bxe5 7. Bxe5 Nf6 8.
O-O O-O 9. Bxc6 bxc6 10. c3 Nd5 11. Nd2 f6 12. Bg3 f5 13. Qe2 f4 14. Nxe4 fxg3
15. fxg3 Bf5 16. Nc5 Qg5 17. Rae1 h6 18. Ne6 Bxe6 19. Qxe6+ Kh8 20. Qxc6 Rad8
21. Qc5 Rxf1+ 22. Rxf1 Qe3+ 23. Kh1 Qe4 24. h4 Ne3 25. Rg1 c6 26. Qxa7 Rf8 27.
Qd7 Rf1 28. Qh3 Rxg1+ 29. Kxg1 Ng4 30. Kf1 Qd3+ 31. Ke1 Qe3+ 32. Kd1 Nf2+ 33.
Kc2 Nxh3 34. gxh3 Qxg3 {Normal} 0-1

[Event "Rated Blitz tournament W7fDjTbT"]
[Site "?"]
[Date "2021.05.12"]
[Round "?"]
[White "steve1234"]
[Black "jeruchess"]
[Result "1-0"]
[WhiteElo "2469"]
[BlackElo "2293"]
[PlyCount "67"]
[EventDate "2021.??.??"]
[EventType "blitz"]

1. e4 e5 2. Nf3 d5 3. Nxe5 Bd6 4. d4 dxe4 5. Nc4 Nc6 6. Nxd6+ Qxd6 7. c3 Nf6 8.
Be2 O-O 9. O-O Re8 10. Na3 Bf5 11. Nc4 Qe7 12. Bf4 Rad8 13. h3 h6 14. Qb3 Rb8
15. Ne3 Bh7 16. Rfd1 a6 17. Bh2 Red8 18. a4 Rd7 19. a5 Kh8 20. Nc4 Nd5 21. Ne5
Nxe5 22. dxe5 Rbd8 23. Qxb7 e3 24. f3 Bc2 25. Rdc1 Bf5 26. Qxa6 Be6 27. Rd1 c5
28. f4 g5 29. f5 Bxf5 30. Qxh6+ Kg8 31. Rf1 Bg6 32. Bg4 Rb7 33. e6 Rxb2 34. Be5
{Normal} 1-0

[Event "Rated Blitz tournament TwYtkOKi"]
[Site "?"]
[Date "2021.05.12"]
[Round "?"]
[White "babageldi2277"]
[Black "satranCocuk_YouTube"]
[Result "1-0"]
[WhiteElo "2710"]
[BlackElo "2307"]
[PlyCount "97"]
[EventDate "2021.??.??"]
[EventType "blitz"]

1. e4 e5 2. Nf3 d5 3. exd5 e4 4. Qe2 Nf6 5. d3 Bb4+ 6. c3 O-O 7. dxe4 Bc5 8.
Bg5 h6 9. Bxf6 Qxf6 10. Nbd2 c6 11. Nb3 Bb6 12. e5 Qd8 13. d6 Re8 14. O-O-O Bg4
15. h3 Bxf3 16. gxf3 Qg5+ 17. Qd2 Qxd2+ 18. Rxd2 Nd7 19. f4 g5 20. Rg1 Kh7 21.
Bd3+ Kh8 22. Bf5 Nf8 23. d7 Re7 24. h4 gxf4 25. Rd6 Ne6 26. Nd4 Bxd4 27. cxd4
Rd8 28. Bxe6 Rxe6 29. Rxe6 fxe6 30. Rg6 Rxd7 31. Rxh6+ Kg7 32. Rxe6 Rxd4 33.
Re7+ Kg6 34. Rxb7 Kf5 35. h5 f3 36. h6 Rh4 37. h7 Ke4 38. e6 Kd3 39. Rd7+ Ke2
40. e7 Rh1+ 41. Kc2 Kxf2 42. e8=Q Kf1 43. Qf7 f2 44. Rd2 Rh2 45. h8=Q Kg1 46.
Qxf2+ Rxf2 47. Qd4 Kg2 48. Qxf2+ Kh3 49. Rd4 {Time forfeit} 1-0

[Event "Rated Blitz game"]
[Site "?"]
[Date "2021.05.12"]
[Round "?"]
[White "mrios"]
[Black "Gifroy"]
[Result "1-0"]
[WhiteElo "2463"]
[BlackElo "2432"]
[PlyCount "37"]
[EventDate "2021.??.??"]
[EventType "blitz"]

1. e4 e5 2. Nf3 d5 3. exd5 e4 4. Ne5 Qxd5 5. d4 exd3 6. Nxd3 Nc6 7. Nc3 Bb4 8.
Bd2 Bxc3 9. Bxc3 Nf6 10. Be2 Qxg2 11. Bf3 Qg6 12. Qe2+ Be6 13. O-O-O O-O 14.
Rdg1 Qf5 15. Be4 Qxe4 16. Qxe4 Nxe4 17. Rxg7+ Kh8 18. Rg8+ Kxg8 19. Rg1+ {
Normal} 1-0

[Event "Rated Blitz game"]
[Site "?"]
[Date "2021.05.12"]
[Round "?"]
[White "jbTraining"]
[Black "ahoramahora"]
[Result "1-0"]
[WhiteElo "2448"]
[BlackElo "2339"]
[PlyCount "27"]
[EventDate "2021.??.??"]
[EventType "blitz"]

1. e4 e5 2. Nf3 d5 3. exd5 e4 4. Ne5 Qxd5 5. d4 exd3 6. Nxd3 Bf5 7. Nc3 Qd7 8.
Be2 Nc6 9. O-O O-O-O 10. Be3 Nf6 11. a4 a6 12. Qb1 Nb4 13. Rd1 Bd6 14. Nxb4 {
Normal} 1-0

[Event "Rated Blitz tournament W7fDjTbT"]
[Site "?"]
[Date "2021.05.12"]
[Round "?"]
[White "themayor101"]
[Black "jeruchess"]
[Result "1/2-1/2"]
[WhiteElo "2470"]
[BlackElo "2298"]
[PlyCount "95"]
[EventDate "2021.??.??"]
[EventType "blitz"]

1. e4 e5 2. Nf3 d5 3. Nxe5 Bd6 4. d4 dxe4 5. Bc4 Bxe5 6. dxe5 Qxd1+ 7. Kxd1 Nc6
8. Bf4 Bf5 9. Nc3 O-O-O+ 10. Ke1 Bg6 11. e6 fxe6 12. Bxe6+ Kb8 13. Rd1 Nf6 14.
Rxd8+ Rxd8 15. Bb3 Nd4 16. h3 h6 17. Be3 c5 18. Bc4 Nxc2+ 19. Ke2 Nd4+ 20. Ke1
a6 21. a4 Nd7 22. Bd5 Nf6 23. Bc4 Ka7 24. g4 b6 25. Kf1 Nc2 26. Bf4 Nb4 27. Ke2
Nd3 28. Bxd3 exd3+ 29. Kd2 c4 30. Re1 Rd7 31. Re6 Bf7 32. Re5 Kb7 33. Be3 Bd5
34. f4 Bc6 35. g5 hxg5 36. fxg5 Nd5 37. Nxd5 Bxd5 38. g6 Kc6 39. h4 b5 40.
axb5+ axb5 41. h5 b4 42. Rf5 Re7 43. Rf4 Re5 44. Rh4 Rf5 45. b3 cxb3 46. Kxd3
b2 47. Rxb4 Rxh5 48. Rxb2 {Normal} 1/2-1/2

[Event "Rated Blitz game"]
[Site "?"]
[Date "2021.05.12"]
[Round "?"]
[White "Ute-Manfred"]
[Black "GoughPhar"]
[Result "0-1"]
[WhiteElo "2562"]
[BlackElo "2381"]
[PlyCount "40"]
[EventDate "2021.??.??"]
[EventType "blitz"]

1. e4 e5 2. Nf3 d5 3. exd5 e4 4. Qe2 Nf6 5. d3 Qxd5 6. Nbd2 Be7 7. dxe4 Qd8 8.
Qc4 O-O 9. Be2 Be6 10. Qb5 Nc6 11. c3 Qd7 12. O-O a6 13. Qd3 Bd6 14. Re1 Rad8
15. h3 Bxh3 16. gxh3 Qxh3 17. Qe3 Ng4 18. Qg5 Bh2+ 19. Kh1 Bg3+ 20. Kg1 Bxf2# {
Normal} 0-1

[Event "Rated Blitz game"]
[Site "?"]
[Date "2021.05.12"]
[Round "?"]
[White "Zalan1110"]
[Black "chepukaitis1966"]
[Result "1-0"]
[WhiteElo "2415"]
[BlackElo "2356"]
[PlyCount "73"]
[EventDate "2021.??.??"]
[EventType "blitz"]

1. e4 e5 2. Nf3 d5 3. exd5 e4 4. Qe2 Nf6 5. Nc3 Bd6 6. Nxe4 O-O 7. Nxf6+ Qxf6
8. Qc4 Nd7 9. Be2 Nb6 10. Qb3 a5 11. a4 Re8 12. d3 Qg6 13. Be3 Qxg2 14. Rg1 Qh3
15. O-O-O Qd7 16. Bd4 g6 17. Bxb6 Rxe2 18. Bd4 Qf5 19. Ng5 c5 20. dxc6 bxc6 21.
Ne4 Be7 22. Rde1 Rxe1+ 23. Rxe1 Be6 24. Qb7 Re8 25. Qxc6 Bd7 26. Nf6+ Bxf6 27.
Rxe8+ Bxe8 28. Qxe8+ Kg7 29. Bxf6+ Qxf6 30. Qe3 Qc6 31. b3 Qh1+ 32. Kb2 Qxh2
33. f4 Qg2 34. Qe5+ f6 35. Qxa5 h5 36. Qc7+ Kh6 37. Qd8 {Time forfeit} 1-0

[Event "Rated Blitz game"]
[Site "?"]
[Date "2021.05.12"]
[Round "?"]
[White "Udemzo"]
[Black "Gifroy"]
[Result "1-0"]
[WhiteElo "2474"]
[BlackElo "2428"]
[PlyCount "91"]
[EventDate "2021.??.??"]
[EventType "blitz"]

1. e4 e5 2. Nf3 d5 3. exd5 e4 4. Qe2 Nf6 5. d3 Qxd5 6. Nbd2 Bf5 7. dxe4 Bxe4 8.
Nxe4 Qxe4 9. Be3 Nc6 10. O-O-O Bd6 11. Ng5 Qe7 12. Qb5 O-O 13. Qxb7 Ne5 14. Nh3
Rab8 15. Qa6 Neg4 16. Bd4 Be5 17. Bxe5 Qxe5 18. Qa3 Ne4 19. Re1 Qd4 20. Bd3
Nexf2 21. Nxf2 Nxf2 22. Rhf1 Rfd8 23. Be2 Qd2+ 24. Kb1 Ne4 25. Bd3 Nc3+ 26. Ka1
Nb5 27. Qc5 Nd6 28. Rd1 Qb4 29. Qxb4 Rxb4 30. a3 Rbb8 31. Rfe1 h6 32. Rf1 g6
33. Bxg6 Kg7 34. Bd3 Re8 35. Rde1 Re7 36. Rxe7 Re8 37. Rxc7 Re7 38. Bc4 Re6 39.
Bxe6 Ne4 40. Rcxf7+ Kg6 41. R7f6+ Kg5 42. R6f5+ Kg4 43. Bd7 Nf2 44. Rf4+ Kxf4
45. Rxf2+ Ke3 46. Rf1 {Time forfeit} 1-0

[Event "Rated Blitz game"]
[Site "?"]
[Date "2021.05.12"]
[Round "?"]
[White "Verdik"]
[Black "DarthZannah"]
[Result "0-1"]
[WhiteElo "2487"]
[BlackElo "2501"]
[PlyCount "56"]
[EventDate "2021.??.??"]
[EventType "blitz"]

1. e4 e5 2. Nf3 d5 3. Nxe5 dxe4 4. d4 Nd7 5. Nc4 Nb6 6. Ne3 f5 7. g3 Nf6 8. c4
c6 9. Nc3 Be6 10. b3 Qd7 11. Bg2 O-O-O 12. Ne2 g5 13. O-O Rg8 14. Bb2 Be7 15.
Rc1 Kb8 16. Kh1 h5 17. d5 cxd5 18. c5 Na8 19. Be5+ Nc7 20. Nd4 Rc8 21. b4 Ka8
22. Qb3 Nb5 23. Nec2 Nxd4 24. Bxd4 f4 25. Rfe1 Bh3 26. Rcd1 Bxg2+ 27. Kxg2 f3+
28. Kh1 Qh3 {Normal} 0-1

[Event "Rated Rapid game"]
[Site "?"]
[Date "2021.05.12"]
[Round "?"]
[White "Gmelhor"]
[Black "Gmjaknour"]
[Result "1-0"]
[WhiteElo "2771"]
[BlackElo "2816"]
[PlyCount "71"]
[EventDate "2021.??.??"]
[EventType "rapid"]

1. e4 e5 2. Nf3 d5 3. exd5 Qxd5 4. Nc3 Qa5 5. Bb5+ c6 6. Bc4 h6 7. O-O Bg4 8.
Re1 Nd7 9. d4 O-O-O 10. h3 h5 11. hxg4 hxg4 12. Nxe5 Nxe5 13. Rxe5 Qc7 14.
Qxg4+ Kb8 15. Bf4 Bd6 16. Rae1 f6 17. R5e4 g5 18. Bxd6 Qxd6 19. Qg3 Nh6 20. d5
Ka8 21. dxc6 Qxc6 22. Bb5 Qb6 23. Re6 Qd4 24. R6e4 Qb6 25. Ra4 Nf5 26. Qg4 Nd4
27. Bd3 Rh4 28. Rxd4 Rdh8 29. Qxh4 gxh4 30. Rde4 a5 31. b3 h3 32. gxh3 Rxh3 33.
Re8+ Ka7 34. Nb5+ Ka6 35. Nd6+ Ka7 36. Nc8+ {Normal} 1-0

[Event "Rated Blitz game"]
[Site "?"]
[Date "2021.05.12"]
[Round "?"]
[White "Snipy"]
[Black "liaqat321"]
[Result "1-0"]
[WhiteElo "2417"]
[BlackElo "2375"]
[PlyCount "123"]
[EventDate "2021.??.??"]
[EventType "blitz"]

1. e4 e5 2. Nf3 d5 3. exd5 e4 4. Qe2 Nf6 5. Nc3 Be7 6. Nxe4 Nxd5 7. Nc3 Nxc3 8.
dxc3 O-O 9. Be3 Re8 10. Qd2 Bd6 11. O-O-O Qf6 12. Be2 Nc6 13. h3 Be6 14. Kb1
Rad8 15. Bg5 Qf5 16. Bxd8 Rxd8 17. Bd3 Qa5 18. b3 Ne5 19. Nxe5 Bxe5 20. c4 Bc3
21. Qc1 Qb4 22. Bxh7+ Kxh7 23. Rxd8 a5 24. Rd3 a4 25. Qe3 Bf6 26. Qe4+ g6 27.
Rf3 Bf5 28. Rxf5 gxf5 29. Qxf5+ Kg7 30. Qg4+ Kf8 31. Qf4 Qc3 32. Kc1 Be5 33.
Qh6+ Bg7 34. Qg5 Bf6 35. Qh6+ Bg7 36. Qg5 Bf6 37. Qc5+ Kg7 38. Rd1 Qa1+ 39. Kd2
Qc3+ 40. Ke2 Qxc2+ 41. Rd2 Qe4+ 42. Qe3 Qxg2 43. Qg3+ Qxg3 44. fxg3 axb3 45.
axb3 b6 46. Kf3 Bc3 47. Rd3 Be5 48. g4 Kg6 49. Rd5 Bh2 50. h4 f6 51. b4 Kh6 52.
c5 bxc5 53. bxc5 Kg6 54. c6 Kh6 55. Ke4 Kg6 56. Rd7 Bg3 57. h5+ Kh6 58. Kf5 Be5
59. g5+ fxg5 60. Kxe5 Kxh5 61. Rxc7 g4 62. Kf4 {Normal} 1-0

[Event "Rated Blitz game"]
[Site "?"]
[Date "2021.05.12"]
[Round "?"]
[White "grandmastergauri"]
[Black "KinzyabulatovRenat"]
[Result "1-0"]
[WhiteElo "2566"]
[BlackElo "2439"]
[PlyCount "65"]
[EventDate "2021.??.??"]
[EventType "blitz"]

1. e4 e5 2. Nf3 d5 3. d3 Nf6 4. exd5 Qxd5 5. Nc3 Bb4 6. Bd2 Bxc3 7. bxc3 Nc6 8.
g3 Bg4 9. Bg2 O-O 10. h3 Bh5 11. g4 Bg6 12. Nh4 Qd7 13. O-O Rad8 14. Rb1 b6 15.
Bg5 Ne7 16. Qf3 Nfd5 17. c4 Nc3 18. Rb3 Na4 19. Ra3 f6 20. Be3 a5 21. Nxg6 Nxg6
22. Qc6 Qxc6 23. Bxc6 Nc5 24. Bxc5 bxc5 25. Rxa5 Nf4 26. Kh2 Rb8 27. Rb5 Rb6
28. Rxb6 cxb6 29. Rb1 Rb8 30. a4 Kf8 31. a5 Ke7 32. a6 Kd6 33. a7 {Normal} 1-0